000 00921cam a2200265 a 4500
001 11964027
005 20241129152846.0
008 000404s2001 ohua b 001 0 eng
020 _a0324027095 (alk. paper)
020 _a9780324027099
050 0 0 _aHD58.7
_b.W34 2001
082 0 0 _a658.4/06
_221
100 1 _aWeiss, Joseph W.
245 1 0 _aOrganizational behavior and change :
_bmanaging diversity, cross-cultural dynamics, and ethics /
_cJoseph W. Weiss.
250 _a2nd ed.
260 _aCincinnati, Ohio :
_bSouth-Western College Pub.,
_cc2001.
300 _axix, 458 p. :
_bill. ;
_c23 cm.
500 _aPreviously published: Minneapolis/St. Paul : West Pub. Co., c1996.
650 0 _aOrganizational behavior.
650 0 _aOrganizational change
_xManagement.
650 0 _aDiversity in the workplace.
650 0 _aPersonnel management.
650 0 _aBusiness ethics.
942 _2lcc
_cBK
_e2nd Ed.
_n0
999 _c1768
_d1768